Diálogo de sordos : la bioética audista de la edición genética de humanos /
Contiene: Diálogo de sordos: la bioética audista de la edición genética de humanos; El surgimiento de una posibilidad: la edición genética de la sordera; El audismo en su dimensión estructural dentro de la bioética; Si hay diálogo sólo falta escuchar.
Na minha lista:
| Autor principal: | |
|---|---|
| Formato: | Livro |
| Idioma: | espanhol |
| Publicado em: |
México :
UNAM, Programa Universitario de Bioética,
2025, c2025
|
| Colecção: | (Cuadernos de Bioética)
|
| Assuntos: | |
| Tags: |
Sem tags, seja o primeiro a adicionar uma tag!
|
MARC
| LEADER | 00000nam^a2200000^a^4500 | ||
|---|---|---|---|
| 001 | 000629197 | ||
| 005 | 20260309000000.0 | ||
| 009 | 20260407175342.603 | ||
| 020 | |a 978-607-587-484-5 | ||
| 037 | |a Acervo ITESO - Biblioteca | ||
| 041 | |a ESP | ||
| 082 | |a 174. 2 |b SAN | ||
| 100 | |a Sánchez Villa, Rodrigo |e (autor) | ||
| 245 | 1 | 0 | |a Diálogo de sordos : |b la bioética audista de la edición genética de humanos / |c R. Sánchez Villa. |
| 264 | 4 | |a México : |b UNAM, Programa Universitario de Bioética, |c 2025, c2025 | |
| 300 | |a 101 p. | ||
| 336 | |a texto |b txt |2 rdacontenido | ||
| 337 | |a sin mediación |b n |2 rdamedio | ||
| 338 | |a volumen |b nc |2 rdasoporte | ||
| 440 | 1 | |a (Cuadernos de Bioética) | |
| 520 | |a Contiene: Diálogo de sordos: la bioética audista de la edición genética de humanos; El surgimiento de una posibilidad: la edición genética de la sordera; El audismo en su dimensión estructural dentro de la bioética; Si hay diálogo sólo falta escuchar. | ||
| 521 | |a FIL 2025 DIA | ||
| 649 | |a XX | ||
| 650 | |a Sordos - |x Condiciones Sociales y Culturales | ||
| 650 | |a Sordera - |x Aspectos Sociales y culturales | ||
| 650 | |a Sordera - |x Aspectos Eticos - |x Tema Principal | ||
| 650 | |a Ingeniería Genética - |x Aspectos Eticos - |x Tema Principal | ||
| 650 | |a Bioética - |x Tema Principal | ||
| 650 | |a Etica Médica | ||
| 650 | |a Etica | ||
| 650 | |a Filosofía | ||
| 910 | |a Fondo General | ||
| 920 | |a Impresos - Libros | ||
| 930 | |a Colección General | ||
| 905 | |a 101 | ||
| 901 | |a 629217-10 |b IT1 |c ACC |d EN |i C191620 |u 20260309 | ||
| 902 | |a https://opac.biblio.iteso.mx/vufind/Record/000629197 | ||